01011nac a22002771i 4500003000900000005001700009008004100026020001500067020002700082040004300109082001700152245007500169264005300244264001000297300005300307336002600360337002800386338002700414504005100441650004700492650003600539655001700575942001200592999001500604952011400619EG-ScBUE20240318110152.0240318t1990 vaua f b 001 0 eng d a0809476754 a0809476762 (lib. bdg.) aEG-ScBUEbengerdacEG-ScBUEdEG-ScBUE04a930222bFEA00aFeats and wisdom of the ancients /cby the editors of Time-Life Books. 1aAlexandria, Virginia :bTime-Life Books,c[1990] 4cc1990 a143 pages :billustrations (some color) ;c29 cm 2rdacontentatextbtxt aunmediated2rdamediabn avolumebnc2rdacarrier aIncludes bibliographical references and index. 7aCivilization, AncientxMiscellanea.2BUEsh 7aCuriosities and wonders.2BUEsh vReading book cBB2ddc c6177d6177 00104070aMAINbMAINc2NDd2014-11-07ePurchasel0o930 FEAp000007626r2025-07-15 00:00:00w2007-11-14yBB